000 00394nam a22001697a 4500
003 OSt
008 230315b |||||||| |||| 00| 0 eng d
020 _a9780061635157
082 _a658.8 DRM
100 _aDRUCKER,Peter F
245 _aManagement Cases
250 _a1st ED
260 _aNew York
_bCollins Business
_c2009
300 _a241
650 _aCollins Business
942 _2ddc
_cBK
999 _c11869
_d11869